| 000 | 00857nam a22002777a 4500 | ||
|---|---|---|---|
| 003 | CHAP | ||
| 005 | 20220329135105.0 | ||
| 008 | 971013s1971 r 00010 d | ||
| 010 | _a30774 | ||
| 011 | _a31746 | ||
| 035 | _a35858 | ||
| 040 | _cCHAP | ||
| 082 |
_a371.3 _bM3Y |
||
| 100 | 0 | 0 |
_aMarkle, Susan Meyer. _971440 |
| 245 |
_aInstrucción programada _b: análisis de cuadros buenos y malos |
||
| 260 |
_aMéxico, D.F. : _bLimusa-Wiley, _c1971 |
||
| 300 |
_a379 p. _b: ilus |
||
| 590 |
_aBATCH-UPD _b10 _c20130110 _lUCH01 _h2223 |
||
| 590 |
_aBATCH-UPD _b10 _c20130410 _lUCH01 _h1520 |
||
| 590 |
_aBATCH-UPD _b10 _c20130914 _lUCH01 _h1649 |
||
| 590 |
_aCONVERSION _b10 _c20130109 _lUCH01 _h1317 |
||
| 650 | 1 | 4 |
_aInstrucción programada. _959481 |
| 901 | _aBK | ||
| 942 | _cLIBRO | ||
| 949 |
_a371.3 M3Y _bBC _cLIBRO _d33724000144812 _eLIBRO _h16753 _i35858 _mD _si |
||
| 999 |
_c30774 _d30774 |
||